000 01926nam a2200253Ia 4500
999 _c50192
_d50192
001 17130
003 GE_BSU
005 20251226144346.0
008 181216s1962||||ge |||||||||||||| ||geo||
040 _cGE_BSU
041 _ageo
080 _a821.353.1 + 821.353.1-32 + 821.353.1-92 + 811.353.1'36 გ-59
100 _aგოგებაშვილი, იაკობ
_926611
245 _aთხზულებანი. ტ. 9, მოთხრობები, წერილები /
_cიაკობ გოგებაშვილი; ტომი შეადგინა და დასაბეჭდად მოამზადა: ვ. ქაჯაიამ, ზ. კიკნაძის, შ. გოზალიშვილის, შ. ღლონტისა და ტყემალაძის მონაწილეობით; რედ.: გ. თავზიშვილი და დ. ლორთქიფანიძე; საქ. სსრ გან. სამინ. პედ. მეცნ. სამეცნ.-საკვლ. ინ-ტი.
264 _aთბილისი:
_bცოდნა,
_c1962.
300 _a510 გვ.;
_b22 სმ.
653 _aქართული ენის გრამატიკა
700 _aქაჯაია, ვ.
_eშემდგენელი
_99167
700 _aკიკნაძე, ზ.
_eშემდგენელი
_98082
700 _aგოზალიშვილი, შ. და სხვ.
_eშემდგენელი
_926612
700 _aთავზიშვილი, გ.
_eრედაქტორი
_95473
710 _aსაქართველოს სსრ განათლების სამინისტრო.
_bპედაგოგიურ მეცნიერებათა სამეცნიერო-საკვლევო ინსტიტუტი
_926613
942 _cBK
_2udc